000 01332 a2200169 4500
003 Nust
005 20170207153239.0
040 _cNust
082 _a574.5
100 _aWell, H. G.
245 _aThe outlook for homo sapiens
_cH. G. Wells
260 _aLondon
_bSecker & Warburg
_c1942
300 _a286 p.
505 _aIntroduction (Page-7) What is Ecology (Page-17) Biology Invades History (Page-18) How Species Survive (Page-21) History Becomes Ecology (Page-24) What is Democracy (Page-36) Where is Democracy (Page-45) What Man has to Learn (Page-49) Sample of a Generation (Page-50) Estimating Hope (Page-64) Survey of Existing Forces (Page-69) The Jewish Influence (Page-76) What is Protestantism (Page-99) Shintoism (Page-122) The Chinese Outlook (Page-127) Communism and Russia (Page-143) American Mentality (Page-152)Three Factors in Everyone (Page-163) Summary of our Survey (Page-165) Resistance to Utopianism (Page-166) Change of Key (Page-177) Open Conference (Page-182) Class-War (Page-191) Unsated Youth (Page-199) Socialism Unavoidable (Page-207) Federation (Page-216) The New Type of Revolution (Page-225) Politics for the Sane Man (Page-233) International Politics (Page-248) World Order in Being (Page-255) Russia the West and World Revolution (Page-271)
538 _aAlmirah No 18. Shelf No.6
650 _aBiology
942 _2ddc
_cBK
999 _c182329
_d182329